Taipei Administrative Districts - Statistics

General Stats
  • This quiz has been taken 155 times
  • The average score is 9 of 12
Answers on the Map
Answers color-coded by a green-red scale on the quiz's map according to % correct below.
 
Answer Stats
Hint Answer % Correct
Eastern District, forest park Daan 大安區
87%
hot spring, Yangmingshan Beitou 北投區
81%
night market, National Palace Museum Shilin 士林區
81%
Taipei Arena, airport Songshan 松山區
81%
Taipei 101, department stores Xinyi 信義區
81%
Taipei Fine Arts Museum, Xingtian Temple Zhongshan 中山區
78%
exhibition centre, Academia Sinica Nangang 南港區
72%
government buildings, CKS Memorial Hall, Taipei Main Station Zhongzheng 中正區
72%
strawberry farms, tech companies Neihu 內湖區
71%
Ximending, Longshan Temple Wanhua 萬華區
65%
Taipei Zoo, Maokong Gondola Wenshan 文山區
63%
Dadaocheng Datong 大同區
57%
No matching quizzes found
Score Distribution
Percent of People with Each Score
Percentile by Number Answered
Your Score History
You have not taken this quiz